000 00575nam a22001937a 4500
005 20241011155603.0
010 _aENG-142166
020 _c535.00
_a9788195756346
035 _aEN-125698
037 _bDBAD/PUB
082 _a320.54
100 _aNavaneethan S
_972739
245 _aDevelopment Administration in Tamil Nadu/
_cNavaneethan S
250 _aFirst
260 _aTamil Nadu
_bTamizhi Books
_c2023
270 _aNo 1328, 20th Main Road , Anna Nagar, Chennai
_bChennai
_e600040
300 _a414 p.
_c26cm(hb)
942 _2ddc
_cEN
_h320.54
_mNAV
999 _c206342
_d206342